000
00219nam a22000977a 4500
999
_c
263746
_d
263745
020
_a
0439799392
100
_a
Dianne Ochiltree
245
_a
Sixteen Runaway Pumpkins
260
_a
New York
_b
Sholastic
_c
2005
942
_c
BK